[Event "WJCC U20 Girls 2019"]
[Site "New Delhi"]
[Date "2019.10.17"]
[Round "4.34"]
[White "Fretel, Liza"]
[Black "Bauyrzhan, Arnash"]
[Result "1-0"]
[WhiteElo "1877"]
[BlackElo "2075"]
[Annotator "NA"]
[PlyCount "115"]
[EventDate "2019.10.15"]
[EventType "swiss"]
[EventCountry "IND"]
[SourceTitle "playchess.com"]
[Source "ChessBase"]
[SourceQuality "1"]
[TimeControl "40/5400+30:1800+30"]

1. e4 {[%emt 0:00:00]} c5 {[%emt 0:00:00]} 2. Nc3 {[%emt 0:00:00]} Nc6 {[%emt 0:00:15]} 3. Bb5 {[%emt 0:00:31]} Nd4 {[%emt 0:01:22]} 4. Bc4 {[%emt 0:00:13]} g6 {[%emt 0:01:19]} 5. Nge2 {[%emt 0:01:35]} Bg7 {[%emt 0:01:04]} 6. O-O {[%emt 0:00:22]} e6 {[%emt 0:01:16]} 7. Nxd4 {[%emt 0:02:18]} cxd4 {[%emt 0:00:33]} 8. Ne2 {[%emt 0:00:56]} Ne7 {[%emt 0:00:54]} 9. f4 {[%emt 0:01:05]} O-O {[%emt 0:03:01]} 10. d3 {[%emt 0:01:22]} d5 {[%emt 0:03:13]} 11. Bb3 {[%emt 0:00:25]} dxe4 {[%emt 0:03:33]} 12. dxe4 {[%emt 0:00:15]} b6 {[%emt 0:03:09]} 13. Bc4 {[%emt 0:05:34]} Bb7 {[%emt 0:02:57]} 14. Bd3 {[%emt 0:00:12]} Qd7 {[%emt 0:08:36]} 15. f5 {[%emt 0:06:30]} exf5 {[%emt 0:05:25]} 16. exf5 {[%emt 0:00:11]} Qc6 {[%emt 0:02:57]} 17. Rf2 {[%emt 0:10:43]} Rae8 {[%emt 0:03:54]} 18. a4 {[%emt 0:13:30]} a6 {[%emt 0:01:28]} 19. Nf4 {[%emt 0:02:16]} Bc8 {[%emt 0:04:50]} 20. fxg6 {[%emt 0:13:12]} fxg6 {[%emt 0:03:11]} 21. Qf1 {[%emt 0:01:00]} Kh8 {[%emt 0:04:28]} 22. Bd2 {[%emt 0:08:07]} Nd5 {[%emt 0:08:02]} 23. Nxd5 {[%emt 0:02:59]} Rxf2 {[%emt 0:01:05]} 24. Qxf2 {[%emt 0:00:07]} Qxd5 {[%emt 0:00:05]} 25. Re1 {[%emt 0:01:18]} Rf8 {[%emt 0:02:47]} 26. Qe2 {[%emt 0:01:26]} Bf5 {[%emt 0:04:25]} 27. Bb4 {[%emt 0:02:22]} Bxd3 {[%emt 0:03:23]} 28. Qxd3 {[%emt 0:00:28]} Rd8 {[%emt 0:01:54]} 29. b3 {[%emt 0:02:29]} Kg8 {[%emt 0:08:01]} 30. Re4 {[%emt 0:05:23]} Bh6 {[%emt 0:02:52]} 31. Qf3 {[%emt 0:01:18]} Be3+ {[%emt 0:03:47]} 32. Kf1 {[%emt 0:00:44]} Qf5 {[%emt 0:03:10]} 33. Qxf5 {[%emt 0:00:55]} gxf5 {[%emt 0:00:02]} 34. Re6 {[%emt 0:02:17]} Rc8 {[%emt 0:02:16]} 35. c4 {[%emt 0:01:53]} a5 {[%emt 0:03:08]} 36. Be1 {[%emt 0:03:35]} Rd8 {[%emt 0:02:38]} 37. Bh4 {[%emt 0:02:05]} Rd7 {[%emt 0:02:31]} 38. Ke1 {[%emt 0:00:05]} f4 {[%emt 0:00:39]} 39. Rxb6 {[%emt 0:01:25]} d3 {[%emt 0:00:09]} 40. Rb5 {[%emt 0:00:13]} Bd4 {[%emt 0:00:59]} 41. Kd2 {[%emt 0:31:39]} Bc3+ {[%emt 0:02:46]} 42. Kd1 {[%emt 0:00:00]} h6 {[%emt 0:02:32]} 43. Rd5 {[%emt 0:00:00]} Rxd5 {[%emt 0:01:22]} 44. cxd5 {[%emt 0:00:00]} Kf7 {[%emt 0:00:11]} 45. Be1 {[%emt 0:00:00]} Bxe1 {[%emt 0:04:45]} 46. Kxe1 {[%emt 0:00:00]} Ke7 {[%emt 0:00:08]} 47. Kd2 {[%emt 0:00:00]} Kd6 {[%emt 0:00:10]} 48. Kc3 {[%emt 0:00:00]} h5 {[%emt 0:08:02]} 49. Kxd3 {[%emt 0:00:00]} Kxd5 {[%emt 0:01:04]} 50. h3 {[%emt 0:00:00]} h4 {[%emt 0:01:28]} 51. b4 {[%emt 0:00:00]} axb4 {[%emt 0:00:45]} 52. a5 {[%emt 0:00:00]} Kc5 {[%emt 0:00:47]} 53. a6 {[%emt 0:00:00]} Kb6 {[%emt 0:00:05]} 54. Kc4 {[%emt 0:00:00]} Kxa6 {[%emt 0:00:24]} 55. Kxb4 {[%emt 0:00:00]} Kb6 {[%emt 0:00:16]} 56. Kc4 {[%emt 0:00:00]} Kc6 {[%emt 0:00:07]} 57. Kd4 {[%emt 0:00:00]} Kd6 {[%emt 0:00:05]} 58. Ke4 {[%emt 0:00:00] Kd5+} 1-0

[Event "WJCC U20 Girls 2019"]
[Site "New Delhi"]
[Date "2019.10.17"]
[Round "4.35"]
[White "Ortiz Verdezoto, Anahi"]
[Black "Levitan, Ronit"]
[Result "1/2-1/2"]
[WhiteElo "2055"]
[BlackElo "1893"]
[Annotator "NA RC"]
[PlyCount "163"]
[EventDate "2019.10.15"]
[EventType "swiss"]
[EventCountry "IND"]
[SourceTitle "playchess.com"]
[Source "ChessBase"]
[SourceQuality "1"]
[TimeControl "40/5400+30:1800+30"]

1. d4 d5 {[%emt 0:00:11]} 2. c4 {[%emt 0:00:05]} e6 {[%emt 0:00:06]} 3. Nc3 {[%emt 0:00:06]} Be7 {[%emt 0:00:06]} 4. cxd5 {[%emt 0:00:23]} exd5 {[%emt 0:00:20]} 5. Nf3 {[%emt 0:00:11]} Nf6 {[%emt 0:00:12]} 6. Bg5 {[%emt 0:00:07]} O-O {[%emt 0:00:19]} 7. Qc2 {[%emt 0:01:53]} b6 {[%emt 0:01:12]} 8. e3 {[%emt 0:00:12]} Nbd7 {[%emt 0:00:29]} 9. Bd3 {[%emt 0:00:15]} Bb7 {[%emt 0:00:07]} 10. O-O {[%emt 0:01:26]} c5 {[%emt 0:00:50]} 11. Bf5 {[%emt 0:00:07]} Ne4 {[%emt 0:10:41]} 12. Bxe7 {[%emt 0:06:02]} Qxe7 {[%emt 0:00:11]} 13. dxc5 {[%emt 0:00:55]} Ndxc5 {[%emt 0:02:31]} 14. Rfd1 {[%emt 0:04:48]} Rfd8 {[%emt 0:01:52]} 15. Rac1 {[%emt 0:07:42]} g6 {[%emt 0:01:20]} 16. Bh3 {[%emt 0:00:35]} Nxc3 {[%emt 0:09:10]} 17. Qxc3 {[%emt 0:01:23]} Bc8 {[%emt 0:05:46]} 18. Bxc8 {[%emt 0:00:22]} Raxc8 {[%emt 0:00:17]} 19. h3 {[%emt 0:11:49]} Qb7 {[%emt 0:18:49]} 20. Ne5 {[%emt 0:14:30]} Ne6 {[%emt 0:16:05]} 21. Nc6 {[%emt 0:03:32]} Re8 {[%emt 0:07:35]} 22. b4 {[%emt 0:04:25]} d4 {[%emt 0:04:37]} 23. exd4 {[%emt 0:20:52]} Nf4 {[%emt 0:00:17]} 24. Rd2 {[%emt 0:01:02]} Nd5 {[%emt 0:06:07]} 25. Qc4 {[%emt 0:02:05]} Nxb4 {[%emt 0:01:49]} 26. d5 {[%emt 0:00:56]} a5 {[%emt 0:02:44]} 27. a3 {[%emt 0:01:58]} b5 {[%emt 0:01:07]} 28. Qc3 {[%emt 0:04:31]} Nxc6 {[%emt 0:04:43]} 29. dxc6 {[%emt 0:00:01]} Qb6 {[%emt 0:00:59]} 30. Rd7 {[%emt 0:02:30]} Red8 {[%emt 0:02:54]} 31. Rb7 {[%emt 0:02:32]} Qd4 {[%emt 0:00:39]} 32. Qxd4 {[%emt 0:00:50]} Rxd4 {[%emt 0:00:01]} 33. c7 {[%emt 0:00:01]} Re4 {[%emt 0:00:16]} 34. Rxb5 {[%emt 0:02:11]} Re7 {[%emt 0:00:23]} 35. Rb8 {[%emt 0:04:36]} Ree8 {[%emt 0:00:09]} 36. Rb6 {[%emt 0:00:57]} Kg7 {[%emt 0:01:15]} 37. g4 {[%emt 0:00:10]} Re7 {[%emt 0:00:11]} 38. Rbc6 {[%emt 0:00:08]} g5 {[%emt 0:01:09]} 39. R1c5 {[%emt 0:00:09]} h6 {[%emt 0:00:11]} 40. Kg2 {[%emt 0:00:06]} Kh7 {[%emt 0:00:50]} 41. Kg3 {[%emt 0:30:59]} Kg7 {[%emt 0:31:08]} 42. f3 {[%emt 0:00:59]} f6 {[%emt 0:00:00]} 43. h4 {[%emt 0:00:00]} Kg6 {[%emt 0:00:00]} 44. h5+ {[%emt 0:00:00]} Kg7 {[%emt 0:00:00]} 45. Kf2 {[%emt 0:00:00]} a4 {[%emt 0:00:00]} 46. Rc4 {[%emt 0:00:00]} Kf7 {[%emt 0:00:00]} 47. Rxa4 {[%emt 0:00:00]} Rexc7 {[%emt 0:00:00]} 48. Rxc7+ {[%emt 0:00:00]} Rxc7 {[%emt 0:00:00]} 49. Ra6 {[%emt 0:00:00]} Rc3 {[%emt 0:00:00]} 50. a4 {[%emt 0:00:00]} Ra3 {[%emt 0:00:00]} 51. a5 {[%emt 0:00:00]} Kg7 {[%emt 0:00:00]} 52. Ra7+ {[%emt 0:00:00]} Kf8 {[%emt 0:00:00]} 53. Ra8+ {[%emt 0:00:00]} Kg7 {[%emt 0:00:00]} 54. a6 {[%emt 0:00:00]} Kh7 {[%emt 0:00:00]} 55. a7 {[%emt 0:00:00]} Kg7 {[%emt 0:00:00]} 56. Ke2 {[%emt 0:00:00]} Ra2+ {[%emt 0:00:00]} 57. Kd3 {[%emt 0:00:00]} Ra3+ {[%emt 0:00:00]} 58. Kd4 {[%emt 0:00:00]} Ra4+ {[%emt 0:00:00]} 59. Kd5 {[%emt 0:00:00]} Ra1 {[%emt 0:00:00]} 60. Ke4 {[%emt 0:00:00]} Re1+ {[%emt 0:00:00]} 61. Kd4 {[%emt 0:00:00]} Rd1+ {[%emt 0:00:00]} 62. Kc3 {[%emt 0:00:00]} Ra1 {[%emt 0:00:00]} 63. Kd2 {[%emt 0:00:47]} Ra2+ {[%emt 0:00:00]} 64. Ke3 {[%emt 0:00:23]} Ra1 {[%emt 0:00:00]} 65. Rd8 {[%emt 0:00:17]} Rxa7 {[%emt 0:00:00]} 66. Rd4 {[%emt 0:00:53]} Kf7 {[%emt 0:00:00]} 67. f4 {[%emt 0:00:22]} gxf4+ {[%emt 0:00:00]} 68. Kxf4 {[%emt 0:00:17]} Ke6 {[%emt 0:00:00]} 69. Re4+ {[%emt 0:00:48]} Kf7 {[%emt 0:00:00]} 70. Rb4 {[%emt 0:00:06]} Ke6 {[%emt 0:00:08]} 71. Rb8 {[%emt 0:00:30]} Ra4+ {[%emt 0:01:20]} 72. Kg3 {[%emt 0:00:14]} Kf7 {[%emt 0:01:39]} 73. Rb7+ {[%emt 0:00:01]} Kg8 {[%emt 0:00:07]} 74. Kf3 {[%emt 0:00:15]} Rc4 {[%emt 0:00:19]} 75. Rd7 {[%emt 0:00:38]} Ra4 {[%emt 0:00:17]} 76. Re7 {[%emt 0:00:18]} Rb4 {[%emt 0:00:36]} 77. Re4 {[%emt 0:00:14]} Rb7 {[%emt 0:00:13]} 78. Rd4 {[%emt 0:01:12]} Re7 {[%emt 0:01:16]} 79. Rc4 {[%emt 0:00:34]} Kf7 {[%emt 0:00:28]} 80. Kf4 {[%emt 0:00:03]} Kg7 {[%emt 0:02:24]} 81. Re4 {[%emt 0:01:35]} Ra7 {[%emt 0:00:12]} 82. Kf5 {[%emt 0:00:19]} 1/2-1/2

[Event "WJCC U20 Girls 2019"]
[Site "New Delhi"]
[Date "2019.10.17"]
[Round "4.36"]
[White "Ghosh Samriddhaa"]
[Black "Jain Nityata"]
[Result "1-0"]
[WhiteElo "1867"]
[BlackElo "2029"]
[Annotator "NA"]
[PlyCount "62"]
[EventDate "2019.10.15"]
[EventType "swiss"]
[EventCountry "IND"]
[SourceTitle "playchess.com"]
[Source "ChessBase"]
[SourceQuality "1"]
[TimeControl "40/5400+30:1800+30"]

1. e4 {[%emt 0:00:00]} c6 {[%emt 0:00:00]} 2. d4 {[%emt 0:00:00]} d5 {[%emt 0:00:00]} 3. Nd2 {[%emt 0:00:46]} dxe4 {[%emt 0:00:00]} 4. Nxe4 {[%emt 0:00:05]} Bf5 {[%emt 0:00:00]} 5. Ng3 {[%emt 0:00:07]} Bg6 {[%emt 0:00:00]} 6. h4 {[%emt 0:00:18]} h6 {[%emt 0:00:02]} 7. Nf3 {[%emt 0:00:14]} Nd7 {[%emt 0:00:14]} 8. h5 {[%emt 0:00:16]} Bh7 {[%emt 0:00:05]} 9. Bd3 {[%emt 0:00:19]} Bxd3 {[%emt 0:00:08]} 10. Qxd3 {[%emt 0:00:04]} e6 {[%emt 0:00:07]} 11. Bd2 {[%emt 0:00:34]} Ngf6 {[%emt 0:00:11]} 12. O-O-O {[%emt 0:00:48]} Be7 {[%emt 0:00:31]} 13. Kb1 {[%emt 0:04:08]} O-O {[%emt 0:00:39]} 14. Ne4 {[%emt 0:01:31]} Nxe4 {[%emt 0:00:07]} 15. Qxe4 {[%emt 0:00:05]} Nf6 {[%emt 0:00:03]} 16. Qe2 {[%emt 0:00:37]} Qd5 {[%emt 0:00:23]} 17. Ne5 {[%emt 0:11:07]} c5 {[%emt 0:03:34]} 18. dxc5 {[%emt 0:11:24]} Qxc5 {[%emt 0:03:48]} 19. g4 {[%emt 0:04:55]} Rac8 {[%emt 0:04:48]} 20. Bc1 {[%emt 0:04:55]} Rfd8 {[%emt 0:44:20]} 21. g5 {[%emt 0:10:45]} hxg5 {[%emt 0:02:16]} 22. Bxg5 {[%emt 0:02:33]} Qb4 {[%emt 0:13:42]} 23. h6 {[%emt 0:10:00]} Rxd1+ {[%emt 0:19:37]} 24. Qxd1 {[%emt 0:25:49]} g6 {[%emt 0:06:34]} 25. Qf3 {[%emt 0:04:28]} Qc5 {[%emt 0:00:42]} 26. h7+ {[%emt 0:00:49]} Kg7 {[%emt 0:00:16]} 27. Bh6+ {[%emt 0:00:48]} Kh8 {[%emt 0:00:47]} 28. Nxf7+ {[%emt 0:00:14]} Kxh7 {[%emt 0:00:08]} 29. Be3+ {[%emt 0:00:16]} Qh5 {[%emt 0:00:55]} 30. Rxh5+ {[%emt 0:00:08]} Nxh5 {[%emt 0:00:17]} 31. Qxb7 {[%emt 0:00:50]} Bf8 {[%emt 0:00:00]} 1-0

[Event "WJCC U20 Girls 2019"]
[Site "New Delhi"]
[Date "2019.10.17"]
[Round "4.37"]
[White "Noshin, Anjum"]
[Black "Cosme Contreras, Trilce"]
[Result "1/2-1/2"]
[WhiteElo "1793"]
[BlackElo "2027"]
[Annotator "NA"]
[PlyCount "62"]
[EventDate "2019.10.15"]
[EventType "swiss"]
[EventCountry "IND"]
[SourceTitle "playchess.com"]
[Source "ChessBase"]
[SourceQuality "1"]
[TimeControl "40/5400+30:1800+30"]

1. e4 {[%emt 0:00:00]} c5 {[%emt 0:00:00]} 2. Nf3 {[%emt 0:00:00]} d6 {[%emt 0:00:00]} 3. d4 {[%emt 0:00:15]} cxd4 {[%emt 0:00:00]} 4. Nxd4 {[%emt 0:00:15]} Nf6 {[%emt 0:00:00]} 5. Nc3 {[%emt 0:00:13]} a6 {[%emt 0:00:11]} 6. f3 {[%emt 0:00:46]} e6 {[%emt 0:00:18]} 7. Be3 {[%emt 0:00:35]} Be7 {[%emt 0:02:41]} 8. Qd2 {[%emt 0:00:54]} b5 {[%emt 0:00:27]} 9. O-O-O {[%emt 0:06:07]} Bb7 {[%emt 0:00:50]} 10. g4 {[%emt 0:05:52]} Nc6 {[%emt 0:02:04]} 11. Nxc6 {[%emt 0:06:48]} Bxc6 {[%emt 0:00:19]} 12. Kb1 {[%emt 0:01:57]} Rc8 {[%emt 0:03:20]} 13. a3 {[%emt 0:04:37]} Qc7 {[%emt 0:00:31]} 14. Bf4 {[%emt 0:03:54]} e5 {[%emt 0:00:15]} 15. Be3 {[%emt 0:01:52]} Nd7 {[%emt 0:06:21]} 16. Nd5 {[%emt 0:03:28]} Bxd5 {[%emt 0:00:09]} 17. exd5 {[%emt 0:00:10]} Nb6 {[%emt 0:04:50]} 18. Qf2 {[%emt 0:03:54]} Rb8 {[%emt 0:11:19]} 19. f4 {[%emt 0:05:13]} Nc4 {[%emt 0:01:38]} 20. Bc1 {[%emt 0:06:13]} O-O {[%emt 0:05:00]} 21. Bd3 {[%emt 0:07:05]} exf4 {[%emt 0:07:12]} 22. Qxf4 {[%emt 0:01:28]} Ne5 {[%emt 0:02:51]} 23. Be2 {[%emt 0:03:30]} Rfc8 {[%emt 0:02:45]} 24. Qe4 {[%emt 0:01:53]} a5 {[%emt 0:07:25]} 25. Rhg1 {[%emt 0:03:33]} Qd7 {[%emt 0:02:02]} 26. Rg3 {[%emt 0:01:58]} b4 {[%emt 0:00:59]} 27. Rh3 {[%emt 0:03:48]} g6 {[%emt 0:00:12]} 28. Bd2 {[%emt 0:02:34]} bxa3 {[%emt 0:19:20]} 29. Rxa3 {[%emt 0:03:11]} Qb7 {[%emt 0:08:27]} 30. Rb3 {[%emt 0:03:44]} Qa7 {[%emt 0:03:54]} 31. Ra3 {[%emt 0:01:44]} Qb7 {[%emt 0:00:07]} 1/2-1/2

[Event "WJCC U20 Girls 2019"]
[Site "New Delhi"]
[Date "2019.10.17"]
[Round "4.38"]
[White "Srimathi R"]
[Black "Abdala Cancino, Patricia Anastas"]
[Result "1-0"]
[WhiteElo "1914"]
[BlackElo "1608"]
[Annotator "NA RC"]
[PlyCount "55"]
[EventDate "2019.10.15"]
[EventType "swiss"]
[EventCountry "IND"]
[SourceTitle "playchess.com"]
[Source "ChessBase"]
[SourceQuality "1"]
[TimeControl "40/5400+30:1800+30"]

1. e4 {[%emt 0:00:08]} e5 {[%emt 0:00:00]} 2. Nf3 {[%emt 0:00:10]} Nc6 {[%emt 0:00:00]} 3. d4 {[%emt 0:00:13]} exd4 {[%emt 0:00:05]} 4. Bc4 {[%emt 0:00:03]} Nf6 {[%emt 0:00:46]} 5. e5 {[%emt 0:00:05]} d5 {[%emt 0:00:05]} 6. Bb5 {[%emt 0:00:05]} Ne4 {[%emt 0:00:11]} 7. Nxd4 {[%emt 0:00:23]} Bd7 {[%emt 0:00:24]} 8. Bxc6 {[%emt 0:00:10]} bxc6 {[%emt 0:00:08]} 9. O-O {[%emt 0:00:05]} Bc5 {[%emt 0:01:49]} 10. f3 {[%emt 0:00:56]} Ng5 {[%emt 0:00:19]} 11. f4 {[%emt 0:00:08]} Ne4 {[%emt 0:01:54]} 12. Be3 {[%emt 0:00:31]} Bb6 {[%emt 0:00:13]} 13. Nc3 {[%emt 0:04:30]} Nxc3 {[%emt 0:00:56]} 14. bxc3 {[%emt 0:00:06]} O-O {[%emt 0:00:09]} 15. Qe2 {[%emt 0:05:59]} Qe7 {[%emt 0:00:31]} 16. Nf3 {[%emt 0:13:21]} Rae8 {[%emt 0:06:25]} 17. Kh1 {[%emt 0:02:43]} h6 {[%emt 0:02:32]} 18. Rae1 {[%emt 0:04:23]} Bg4 {[%emt 0:02:35]} 19. Qd3 {[%emt 0:05:42]} f6 {[%emt 0:03:30]} 20. Nh4 {[%emt 0:07:33]} Bh5 {[%emt 0:02:20]} 21. Bxb6 {[%emt 0:04:58]} cxb6 {[%emt 0:00:38]} 22. e6 {[%emt 0:02:14]} Rd8 {[%emt 0:00:53]} 23. Nf5 {[%emt 0:00:19]} Qc5 {[%emt 0:01:04]} 24. e7 {[%emt 0:01:09]} Bg6 {[%emt 0:00:41]} 25. exd8=Q Rxd8 {[%emt 0:00:24]} 26. Ne7+ {[%emt 0:01:27]} Qxe7 {[%emt 0:00:15]} 27. Rxe7 {[%emt 0:00:05]} Bxd3 {[%emt 0:00:08]} 28. cxd3 {[%emt 0:00:02]} 1-0

[Event "WJCC U20 Girls 2019"]
[Site "New Delhi"]
[Date "2019.10.17"]
[Round "4.39"]
[White "Mungunzul, Bat-Erdene"]
[Black "Djuric, Anja"]
[Result "1-0"]
[WhiteElo "1912"]
[BlackElo "1493"]
[Annotator "NA"]
[PlyCount "121"]
[EventDate "2019.10.15"]
[EventType "swiss"]
[EventCountry "IND"]
[SourceTitle "playchess.com"]
[Source "ChessBase"]
[SourceQuality "1"]
[TimeControl "40/5400+30:1800+30"]

1. d4 {[%emt 0:00:00]} Nf6 {[%emt 0:00:00]} 2. c4 {[%emt 0:00:00]} g6 {[%emt 0:00:10]} 3. Nc3 {[%emt 0:00:00]} Bg7 {[%emt 0:00:26]} 4. e4 {[%emt 0:00:04]} d6 {[%emt 0:00:05]} 5. Nf3 {[%emt 0:00:11]} O-O {[%emt 0:00:33]} 6. Be2 {[%emt 0:00:11]} e5 {[%emt 0:00:48]} 7. Be3 {[%emt 0:00:23]} Nbd7 {[%emt 0:02:05]} 8. d5 {[%emt 0:00:21]} Qe7 {[%emt 0:03:15]} 9. Nd2 {[%emt 0:02:28]} c6 {[%emt 0:03:40]} 10. dxc6 {[%emt 0:00:38]} bxc6 {[%emt 0:00:13]} 11. Nb3 {[%emt 0:00:32]} a5 {[%emt 0:02:44]} 12. Qd3 {[%emt 0:08:17]} a4 {[%emt 0:04:24]} 13. Nd2 {[%emt 0:00:33]} Rd8 {[%emt 0:02:12]} 14. O-O {[%emt 0:02:08]} Bb7 {[%emt 0:08:38]} 15. Rfd1 {[%emt 0:04:31]} Nf8 {[%emt 0:19:36]} 16. Bf3 {[%emt 0:13:16]} Ne6 {[%emt 0:03:20]} 17. Qc2 {[%emt 0:03:23]} a3 {[%emt 0:01:51]} 18. Nb3 {[%emt 0:01:15]} axb2 {[%emt 0:04:05]} 19. Qxb2 {[%emt 0:01:51]} c5 {[%emt 0:01:50]} 20. Rdb1 {[%emt 0:04:53]} Rdb8 {[%emt 0:02:20]} 21. Nd2 {[%emt 0:04:29]} Qd8 {[%emt 0:03:05]} 22. Qc1 {[%emt 0:04:42]} Nd4 {[%emt 0:01:24]} 23. Bd1 {[%emt 0:01:03]} Bc6 {[%emt 0:05:00]} 24. a4 {[%emt 0:10:08]} Qa5 {[%emt 0:01:44]} 25. Rxb8+ {[%emt 0:04:21]} Rxb8 {[%emt 0:00:09]} 26. f3 {[%emt 0:00:49]} Nh5 {[%emt 0:02:38]} 27. Nb5 Bxb5 {[%emt 0:00:59]} 28. cxb5 {[%emt 0:13:31]} Nf4 {[%emt 0:01:04]} 29. Kf1 {[%emt 0:01:09]} Nd3 {[%emt 0:02:53]} 30. Qa3 {[%emt 0:05:33]} Nb4 {[%emt 0:00:43]} 31. Qc3 {[%emt 0:00:47]} Qc7 {[%emt 0:06:22]} 32. Rb1 {[%emt 0:01:04]} Qa7 {[%emt 0:02:41]} 33. Qc4 {[%emt 0:00:57]} Kh8 {[%emt 0:01:20]} 34. Nb3 {[%emt 0:03:53]} f5 {[%emt 0:02:26]} 35. Kg1 {[%emt 0:02:17]} fxe4 {[%emt 0:01:49]} 36. fxe4 {[%emt 0:00:06]} Qa8 {[%emt 0:03:03]} 37. Nd2 {[%emt 0:00:38]} Qa7 {[%emt 0:01:00]} 38. Nf1 {[%emt 0:02:26]} h5 {[%emt 0:03:11]} 39. Rb2 {[%emt 0:01:13]} Qa8 {[%emt 0:00:54]} 40. Nd2 {[%emt 0:00:46]} Qa7 {[%emt 0:00:44]} 41. Nf3 {[%emt 0:31:37]} Qb7 {[%emt 0:31:04]} 42. Ng5 {[%emt 0:02:43]} Rf8 {[%emt 0:02:23]} 43. Rf2 {[%emt 0:01:31]} Bf6 {[%emt 0:00:17]} 44. Qf1 {[%emt 0:00:00]} Qe7 {[%emt 0:00:00]} 45. Nh3 {[%emt 0:00:00]} Kg7 {[%emt 0:00:00]} 46. g4 {[%emt 0:00:00]} hxg4 {[%emt 0:00:00]} 47. Bxg4 {[%emt 0:00:00]} Ra8 {[%emt 0:00:00]} 48. Rg2 {[%emt 0:00:00]} Kh7 {[%emt 0:00:00]} 49. Bd1 {[%emt 0:00:00]} Ne6 {[%emt 0:00:00]} 50. Qf3 {[%emt 0:00:00]} Rh8 {[%emt 0:00:00]} 51. Qg4 {[%emt 0:00:00]} Qf7 {[%emt 0:00:00]} 52. Bb3 {[%emt 0:00:00]} Re8 {[%emt 0:00:00]} 53. Bg5 {[%emt 0:00:00]} Kg7 {[%emt 0:00:00]} 54. Rf2 {[%emt 0:00:00]} d5 {[%emt 0:00:00]} 55. Bxf6+ {[%emt 0:00:00]} Kg8 {[%emt 0:00:00]} 56. Qh4 {[%emt 0:00:00]} Qh7 {[%emt 0:00:00]} 57. Qxh7+ Kxh7 {[%emt 0:00:00]} 58. Bxd5 {[%emt 0:00:00]} Nd4 {[%emt 0:00:00]} 59. Ng5+ {[%emt 0:00:00]} Kh6 {[%emt 0:00:00]} 60. Nf7+ {[%emt 0:00:00]} Kh5 {[%emt 0:00:00]} 61. Bxe5 {[%emt 0:00:00]} 1-0

[Event "WJCC U20 Girls 2019"]
[Site "New Delhi"]
[Date "2019.10.17"]
[Round "4.40"]
[White "Di Benedetto, Desiree"]
[Black "Rindhiya V"]
[Result "0-1"]
[WhiteElo "2235"]
[BlackElo "1817"]
[Annotator "NA"]
[PlyCount "102"]
[EventDate "2019.10.15"]
[EventType "swiss"]
[EventCountry "IND"]
[SourceTitle "playchess.com"]
[Source "ChessBase"]
[SourceQuality "1"]
[TimeControl "40/5400+30:1800+30"]

1. c4 {[%emt 0:00:00]} e5 {[%emt 0:00:00]} 2. Nc3 {[%emt 0:00:29]} Nc6 {[%emt 0:00:00]} 3. g3 {[%emt 0:00:22]} g6 {[%emt 0:00:01]} 4. Bg2 {[%emt 0:00:12]} Bg7 {[%emt 0:00:08]} 5. Nf3 {[%emt 0:01:29]} d6 {[%emt 0:00:11]} 6. O-O {[%emt 0:01:51]} Nge7 {[%emt 0:00:19]} 7. d3 {[%emt 0:02:56]} O-O {[%emt 0:00:21]} 8. Bd2 {[%emt 0:01:15]} Bd7 {[%emt 0:03:17]} 9. Rb1 {[%emt 0:01:40]} Qc8 {[%emt 0:18:59]} 10. b4 {[%emt 0:01:08]} Bh3 {[%emt 0:01:22]} 11. e3 {[%emt 0:03:24]} Bxg2 {[%emt 0:00:08]} 12. Kxg2 {[%emt 0:00:03]} f5 {[%emt 0:05:25]} 13. b5 {[%emt 0:04:36]} Nd8 {[%emt 0:00:08]} 14. Nd5 {[%emt 0:07:25]} Qd7 {[%emt 0:02:17]} 15. Qb3 {[%emt 0:02:58]} Ne6 {[%emt 0:10:33]} 16. c5 {[%emt 0:05:56]} Kh8 {[%emt 0:04:34]} 17. Nxe7 {[%emt 0:08:31]} Qxe7 {[%emt 0:00:02]} 18. cxd6 {[%emt 0:00:27]} cxd6 {[%emt 0:00:21]} 19. Qd5 {[%emt 0:05:38]} e4 {[%emt 0:22:21]} 20. dxe4 {[%emt 0:08:38]} fxe4 {[%emt 0:00:02]} 21. Qxe4 {[%emt 0:02:53]} Nf4+ {[%emt 0:01:01]} 22. Qxf4 {[%emt 0:00:06]} Rxf4 {[%emt 0:00:07]} 23. exf4 {[%emt 0:00:26]} d5 {[%emt 0:08:56]} 24. Rfe1 {[%emt 0:06:04]} Qd7 {[%emt 0:00:50]} 25. Bb4 {[%emt 0:08:43]} Re8 {[%emt 0:12:57]} 26. Rxe8+ {[%emt 0:08:43]} Qxe8 {[%emt 0:00:03]} 27. Rc1 {[%emt 0:04:37]} h6 {[%emt 0:01:09]} 28. a4 {[%emt 0:00:54]} Qe4 {[%emt 0:01:17]} 29. Bd6 {[%emt 0:01:38]} Qxa4 {[%emt 0:06:40]} 30. Rc8+ {[%emt 0:00:15]} Kh7 {[%emt 0:00:02]} 31. Rc7 {[%emt 0:00:18]} Kg8 {[%emt 0:00:03]} 32. Rxb7 {[%emt 0:00:34]} d4 {[%emt 0:00:05]} 33. Bc5 {[%emt 0:02:47]} Qc4 {[%emt 0:01:48]} 34. Bxa7 {[%emt 0:01:30]} Qd5 {[%emt 0:00:49]} 35. Rb8+ {[%emt 0:07:26]} Kh7 {[%emt 0:00:02]} 36. h4 {[%emt 0:01:30]} Bf6 {[%emt 0:01:05]} 37. Rb6 {[%emt 0:00:35]} d3 {[%emt 0:00:33]} 38. Rxf6 {[%emt 0:00:27]} d2 {[%emt 0:00:01]} 39. f5 {[%emt 0:00:18]} g5 {[%emt 0:00:58]} 40. hxg5 {[%emt 0:00:25]} hxg5 {[%emt 0:00:29]} 41. Rd6 {[%emt 0:04:25]} d1=Q {[%emt 0:01:47]} 42. Rxd5 {[%emt 0:00:15]} Qxd5 {[%emt 0:00:03]} 43. g4 {[%emt 0:00:34]} Qe4 {[%emt 0:01:18]} 44. Bb8 {[%emt 0:00:43]} Qxg4+ {[%emt 0:00:05]} 45. Bg3 {[%emt 0:00:07]} Qe4 {[%emt 0:00:16]} 46. Kh2 {[%emt 0:03:52]} Qxf3 {[%emt 0:00:08]} 47. b6 {[%emt 0:00:14]} Qc6 {[%emt 0:00:38]} 48. Bc7 {[%emt 0:01:42]} Kg7 {[%emt 0:01:36]} 49. Be5+ {[%emt 0:01:49]} Kf7 {[%emt 0:00:02]} 50. Bd4 {[%emt 0:00:29]} Qe4 {[%emt 0:00:32]} 51. Be3 {[%emt 0:00:14]} Kf6 {[%emt 0:00:06]} 0-1